Literatura infantil : creación, censura y resistencia /
Guardado en:
| Autor Principal: | |
|---|---|
| Otros Autores: | |
| Formato: | Libro |
| Publicado: |
Buenos Aires :
Sudamericana
|
| Series: | La llave
|
| Materias: | |
| Etiquetas: |
Agregar Etiqueta
Sin Etiquetas, Sea el primero en etiquetar este registro!
|
| LEADER | 01263nam a22002295a 4500 | ||
|---|---|---|---|
| 001 | CEM.cems011243 | ||
| 005 | 20071029172029.0 | ||
| 008 | 130507b######################000#0#####d | ||
| 003 | CEMS | ||
| 020 | |a 9500723395 | ||
| 082 | 0 | 4 | |a A860.4 |
| 100 | 1 | |a Machado, Ana María | |
| 245 | 1 | 0 | |a Literatura infantil : |b creación, censura y resistencia / |c Ana María Machado, Graciela Montes |
| 260 | |a Buenos Aires : |b Sudamericana | ||
| 300 | |a 123 p. | ||
| 490 | 0 | |a La llave | |
| 505 | 0 | |a Entre vacas y ganzos: escuela, lectura y literatura / Ana María Machado -- El espacio social de lectura / Graciela Montes -- Entrevista a Ana María Machado y Graciela Montes -- La infancia y los responsables / Graciela Montes -- Mesa redonda sobre "Los chicos de la calle" / Ana María Machado -- La literatura infantil argentina / Graciela Montes -- Panorama de la literatura infantil brasileña / Ana María Machado -- Machado-Montes en diálogo -- Literatura para chicos y adolescentes: obras censuradas y temas prohibidos / Graciela Montes -- Por una cultura de resistencia / Ana María Machado | |
| 653 | |a Literatura | ||
| 653 | |a Literatura infantil-crítica | ||
| 653 | |a Lectura | ||
| 700 | 1 | |a Montes, Graciela | |
| 859 | |a CEMS |b BIB. CEMS - 11 de abril |h A860.4 |i M11 |p 22128.03 |t Ej.1 | ||
